000 00357nam a2200145Ia 4500
100 _aVaz/ Micheal/ Paralikar/ V
942 _cBK
654 _aManagement human resource development
245 _aMgt & Human Resource Development
260 _bManan Prakashan
_c1994
082 _a658.312
_bVAZ/PAR
300 _a375
546 _aENGLISH
999 _c32781
_d32781